[Event "Moscow op-B (Women) 13th"]
[Site "Moscow"]
[Date "2017.01.28"]
[Round "1"]
[White "Shevchuk, Margarita"]
[Black "Shendrik, Zhanna"]
[Result "1/2-1/2"]
[WhiteElo "1634"]
[BlackElo "2072"]
[PlyCount "84"]
[EventDate "2017.01.28"]
[EventType "swiss"]
[EventRounds "9"]
[EventCountry "RUS"]
[SourceTitle "EXT 2018"]
[Source "ChessBase"]
[SourceDate "2017.10.13"]
[SourceVersion "1"]
[SourceVersionDate "2017.10.13"]
[SourceQuality "1"]

1. e4 c6 2. d4 d5 3. Nc3 dxe4 4. Nxe4 Bf5 5. Ng3 Bg6 6. Nf3 Nd7 7. h4 h6 8. Bd3 Bxd3 9. Qxd3 Qc7 10. Bd2 e6 11. 0-0-0 Ngf6 12. Ne4 0-0-0 13. Kb1 c5 14. Bc3 Nd5 15. g3 c4 16. Qe2 b5 17. Nc5 Nxc3+ 18. bxc3 Bxc5 19. dxc5 Nxc5 20. Nd4 Rd6 21. Ka1 Qa5 22. Qf3 Ra6 23. Kb1 Qxa2+ 24. Kc1 Qa3+ 25. Kd2 Rd8 26. Ke2 Nb7 27. Nxb5 Qe7 28. Rxd8+ Qxd8 29. Qxf7 Qd7 30. Qf8+ Qd8 31. Qxg7 Qd7 32. Qf8+ Qd8 33. Qxh6 Qd5 34. Qf8+ Nd8 35. Rd1 Qe4+ 36. Kf1 Qh1+ 37. Ke2 Qe4+ 38. Kd2 Qd5+ 39. Ke2 Qe4+ 40. Kf1 Qh1+ 41. Ke2 Qe4+ 42. Kf1 Qh1+ 1/2-1/2

[Event "RUS-chT U14 Girls"]
[Site "Sochi"]
[Date "2016.05.09"]
[Round "9.1"]
[White "Budnikova, Varvara"]
[Black "Shevchuk, Margarita"]
[Result "1-0"]
[WhiteElo "1854"]
[BlackElo "1583"]
[PlyCount "79"]
[EventDate "2016.05.01"]
[EventType "team-tourn"]
[EventRounds "10"]
[EventCountry "RUS"]
[SourceTitle "EXT 2018"]
[Source "ChessBase"]
[SourceDate "2017.10.13"]
[SourceVersion "1"]
[SourceVersionDate "2017.10.13"]
[SourceQuality "1"]

1. e4 c6 2. Nf3 d5 3. Nc3 Bg4 4. h3 Bxf3 5. Qxf3 e6 6. d4 Nf6 7. Bd3 dxe4 8. Nxe4 Nxe4 9. Qxe4 Nd7 10. 0-0 Nf6 11. Qh4 Nd5 12. Bg5 Be7 13. Bxe7 Qxe7 14. Qg3 0-0 15. c3 Rfe8 16. Rae1 Qc7 17. Qh4 g6 18. Re4 Re7 19. Rfe1 Rae8 20. c4 Nb6 21. Qg5 Nd7 22. h4 Nf8 23. h5 f5 24. R4e3 Rd8 25. hxg6 hxg6 26. Bxf5 Rxd4 27. Bxe6+ Kg7 28. g3 Nh7 29. Qc5 Rd6 30. Qxa7 Ng5 31. Bg4 Rf7 32. Qc5 Nh7 33. Qe5+ Nf6 34. c5 Rd5 35. Qxc7 Rxc7 36. Bf3 Rdd7 37. Bg2 Kf7 38. Bh3 Rd2 39. R1e2 Rd5 40. Be6+ 1-0

[Event "RUS-chT U14 Girls"]
[Site "Sochi"]
[Date "2016.05.03"]
[Round "3.1"]
[White "Afanasieva, Alexandra"]
[Black "Shevchuk, Margarita"]
[Result "1-0"]
[WhiteElo "1911"]
[BlackElo "1583"]
[PlyCount "83"]
[EventDate "2016.05.01"]
[EventType "team-tourn"]
[EventRounds "10"]
[EventCountry "RUS"]
[SourceTitle "EXT 2018"]
[Source "ChessBase"]
[SourceDate "2017.10.13"]
[SourceVersion "1"]
[SourceVersionDate "2017.10.13"]
[SourceQuality "1"]

1. e4 c6 2. d4 d5 3. exd5 cxd5 4. Bd3 Nc6 5. c3 Qc7 6. h3 e6 7. Nf3 Bd6 8. 0-0 f6 9. Re1 Bd7 10. Nbd2 Nge7 11. c4 0-0-0 12. c5 Bf4 13. a3 h5 14. b4 g5 15. b5 Nb8 16. Nb3 g4 17. Nh4 gxh3 18. b6 axb6 19. cxb6 Qd6 20. Bxf4 Qxf4 21. Qc1+ Qxc1 22. Raxc1+ Nbc6 23. Nc5 e5 24. Nxd7 Kxd7 25. Bb5 e4 26. gxh3 Kd6 27. Red1 Rhg8+ 28. Kh2 Rg5 29. Ng2 Rdg8 30. Ne3 f5 31. h4 R5g7 32. Bxc6 bxc6 33. Rg1 f4 34. Rxg7 Rxg7 35. Ng2 Nf5 36. Rb1 Rb7 37. Rb4 c5 38. dxc5+ Kxc5 39. Nxf4 Nxh4 40. Ne6+ Kc6 41. Nd8+ Kd7 42. Nxb7 1-0